MDQL
is popping MORE tags! Check the
thread
!
Quizzes
Events
Quiz Creation
Community
Videos
Private Events
Remove Ads
Sign In
Join for FREE
Feedback
Dark Mode
Quiz Categories
Sports
Geography
Music
Movies
Television
Just For Fun
Miscellaneous
History
Literature
Language
Science
Gaming
Entertainment
Religion
Holiday
For Kids
Quiz Lab
Recent
Popular Today
Quiz Kudos Today
Editor Picks
Curator Picks
Quizzes by...
Day
Popularity
Type
Ratings
Length
Year
Community
Subscriptions
Recent Discussions
Orange Saloon
Badges
Playlists
Quests
Create
Leaderboards
Showdown
Live 5
Trivia Bingo
Activity
Puzzle Library
Sporcle Events
Private Events
Virtual Trivia
Globe League
Become a Host
Pub Owners
SporcleCon
Opinionation
Our Games
Videos
Blog
Mobile Apps
Partnerships
Remove Ads and Go Orange
Feedback
Just For Fun
Clickable
Get the Picture
Humor
Quick Pick
Word Ladder
Missing Word
Mixed Word
Blitz
Minefield
This or That
Alphabet
Color
Typing
Sporcle
Puzzle
Word Play
Follow That Line
Logic
Just For Fun
Clickable
Get the Picture
Humor
Quick Pick
Word Ladder
Missing Word
Mixed Word
Blitz
Minefield
This or That
Alphabet
Color
Typing
Sporcle
Puzzle
Word Play
Follow That Line
Logic
Random Quiz
Search Sporcle
×
Quiz Lab
Quiz Lab
Just For Fun
chronicle
Type in answers that appear in a list
Type in answers that appear in a list
Classic
Best Score? Go Orange.
Kane chronicles Stats
Can you name the kane chronikles?
By
isabelpiazzarisi
3m
15 Questions
429 Plays
429 Plays
429 Plays
Comments
Comments
Give Quiz Kudos
Give Quiz Kudos
-
- Ratings
hide this ad
More Info
Random Order
Randomize order of answers
Randomize order of answers
Replay
Link that replays current quiz
Next Quiz
Link to next quiz in quiz playlist
You Got
0%
They Got
Avg Score
71%
Avg Friend Score
Upgrade to see
Score Distribution
Jump to the score distribution portion of the page
Score
0/15
Timer
03:00
0
Plays Today
description
person
% Correct
brunette, boy, fights with sword
carter
95.6%
blond, girl, magician
sadie
93.9%
handsome, boy, god, sometimes jackal
anubis
91.6%
red, god, man
set
90.2%
cat like, agile god woman
bast
89%
black, handsome, boy, sick
walt
85.3%
blond, healer, girl
jaz
80.9%
girl, beautiful powerful
zia
75.3%
description
person
% Correct
snake, chaos
apophis
75.1%
god, super ugly, man
bes
73.2%
likes jaz, black, man
amos
63.4%
crocodile like, god, man
sobek
60.8%
hipo, god, women
tawaret
40.8%
ghost, man, black hair
setne
35.7%
man, ruined face, crazy
vladimir
27.3%
Quiz Playlist
Details
Report
Send in Message
Add To Playlist
More Info:
30
Classic:
Type in answers that appear in a list
Random Order:
Randomize order of answers
Last Updated: Feb 16, 2017
Quiz Scoreboard
CHALLENGE
Sign Up to Join the Scoreboard
Show All
Scores
Hide
Comments
May contain spoilers
Recently Published
5x2 Blitz: Bands
by SL_Kpop136
Music
30s
Colored Red Africa Blitz
by spor1
Geography
30s
Find the 'City' Movie
by crazypaving
Movies
60s
More to Explore
Quiz From the Vault
Featured Blog Post
14 Easter Pick-up Lines to Find Eggs With
hide this ad
You Might Also Like...
Tags
chronicle
description
kane
Person
Today's Top Quizzes in Just For Fun
Browse Just For Fun
hide this ad
Today's Top Quizzes in chronicle
Browse chronicle
Top Contributed Quizzes in Just For Fun
1
Name Just One - 10 to 1: Just For Fun
2
Missing Word: 2-Letter A-Z II
3
Survivor Winners Logic Puzzle
4
Avatar the Last Airbender: Logic Puzzle
5
Quick 5-Color Logic (18)
6
Shadowhunters Protagonists Logic Quiz
7
Medium Renzoku Puzzle 11
8
Killer Double Trees 224 - Colour Match-Up
9
Missing Word: 'Of' Things A-Z
10
Ultimate Minefield Blitz VIII
Explore More
Trending Topics
Crossword
Anime
Disney
Marvel
NBA
Kpop
Harry Potter
NFL
Song
WWE
The Office
Country
Puzzle
Pokémon
Soccer
hide this ad
More By:
isabelpiazzarisi
Quiz
Plays
Rating
Category
Featured
Created
kane chronicles
429
2.00
Just For Fun
Jul 18, 2012
shugo chara
174
Just For Fun
Jul 21, 2012
winnie pooh characters
161
1.00
Just For Fun
Jul 27, 2012
characters percy jackson
132
Just For Fun
Jul 27, 2012
Go to Creator's Profile
Score Distribution
Quiz Creator Spotlight
isabelpiazzarisi
Follow
Send a Message
Quizzes Created
-
Created Quiz Play Count
-
More By This Creator
Popular Quizzes Today
1
Find the 'City' Movie
2
Colored Red Africa Blitz
3
Find the US States - No Outlines Minefield
4
5x2 Blitz: Bands
5
The Countries of the World
6
Find the US States
7
US States
8
9x9 Crossword: Cartoon Network
More Just For Fun Quizzes
Finish The Joke
Quiz Lab
Trending Quizzes
Colored Red Europe Blitz I
Colored Red Africa Blitz II
Colored Red Europe Blitz II
Colored Red Africa Blitz III
Colored Red Europe Blitz III
Recently Updated
Famous TV Couples
Peacemaker
Champions League XIs: Real Madrid
pecheneg
Largest US Cities 1790-2010
pecheneg
Rides in Walt Disney World
pecheneg
Most Oscar Losses (Acting)
pecheneg
Beyoncé Albums
pecheneg
Leaping Animals
pecheneg
Reality TV Shows (A-Z)
bhenderson79
Rickey Henderson's Hall of Fame Teammates
pecheneg
Champions League XIs: Arsenal
pecheneg
Trending Topics
Marvel
Anime
Kpop
Harry Potter
Disney
Crossword
NBA
Soccer
Song
Country
NFL
WWE
The Office
Pokémon
Puzzle
Your Account Isn't Verified!
In order to create a playlist on Sporcle, you need to verify the email address you used during registration. Go to your
Sporcle Settings
to finish the process.
Report this User
Report this user for behavior that violates our
Community Guidelines
.
Details:
Send Report
Go to the Sporcle.com Mobile Site →
Comments